00549 2200217 4500001002100000005001500021008004100036020001900077035002500096041000800121082001000129090001000139100001700149245002300166250002700189260004300216300002700259500000800286650001800294700001900312INLIS00000000001000020130515215838 ind  a979-9556-02-03 a0010-051300000010000 aind a303.6 a303.6 aAgus, Surata aAtasi Konflik Etis aEdisi : 1; Cetakan : 1 aYogjakartabGlobal Pustaka Utamac2001 aviii, 254 hlm. ;21 cm. a241 aProses Sosial aTuhana, Taufiq